טוען...

Second language pedagogy

מידע ביבליוגרפי
מחבר ראשי: Prabhu, N S
פורמט: Printed Book
שפה:English
נושאים:
LEADER 00352nam a2200109Ia 4500
008 101008s9999 xx 000 0 eng d
100 |a Prabhu, N S 
245 |a Second language pedagogy 
650 |a Language Teaching 
942 |c BK 
999 |c 183158  |d 183158 
952 |0 0  |1 0  |4 0  |7 0  |9 202451  |a EDU  |b EDU  |c ST1  |d 2010-10-20  |i 4748  |l 1  |p EDU4748  |r 2013-05-24  |s 2011-01-10  |w 2010-10-20  |y BK